Language Quiz

Random Language or Bible Quiz

The Bible in 25 Languages Quiz Stats

 Plays Quiz Updated Sep 27, 2015

Score 0/25 Timer 06:00
0 Plays Today
% Correct
German
96.9%
Chinese
94.4%
Spanish
92.5%
English
92.4%
Korean
87.2%
Russian
87%
Latin
86.2%
Arabic
84.5%
Polish
74.6%
Portuguese
64.5%
Greek
62.8%
Dutch
58.2%
Farsi
48.9%
% Correct
Thai
47.9%
Welsh
45.5%
Hindi
44.5%
Hungarian
44%
Finnish
42.8%
Norwegian
41%
Turkish
30.8%
Irish
30.6%
Serbian
30.6%
Urdu
29%
Georgian
20.5%
Armenian
12.1%

You're not logged in!

Compare scores with friends on all Sporcle quizzes.
OR
Log In

Show Comments

Extras

Top Quizzes Today


Score Distribution

Your Account Isn't Verified!

In order to create a playlist on Sporcle, you need to verify the email address you used during registration. Go to your Sporcle Settings to finish the process.

Report this User

Report this user for behavior that violates our Community Guidelines.

Details: